| 000 | 01116nam a22002777a 4500 | ||
|---|---|---|---|
| 999 |
_c7309 _d7309 |
||
| 003 | AR-CdUCM | ||
| 008 | 190320b ||||| |||| 00| 0 spa d | ||
| 040 |
_aMUNICIPALIDAD PROVINCIAL DEL CUSCO _cBIBLIOTECA MUNICIPAL DEL CUSCO |
||
| 041 | _hfre | ||
| 082 |
_a621.38 / _bP53 |
||
| 100 |
_aPichoir, J. _920613 |
||
| 245 | _aCurso de electrotecnia / | ||
| 260 |
_aBarcelona : _bMarcombo, _c1972. |
||
| 300 |
_a5 tomos ; _bfiguras, tablas, _c22 cm. |
||
| 500 | _at.2: Corriente alterna. t.5: Máquinas eléctricas. | ||
| 505 | _aContenido: t.2: Circuitos monofásicos -- Sistemas trifásicos -- Transformadores monofásicos -- Transformadores polifásicos -- t.5: Máquinas síncronas -- Ecuaciones generales -- Sincronización con la red -- Autocebado. | ||
| 650 |
_aElectrónica _920355 |
||
| 650 |
_aSistemas trifásicos, monofásicos _920614 |
||
| 650 |
_aTransformadores _919587 |
||
| 650 |
_aMotor _920615 |
||
| 650 |
_aMáquina síncrona _920616 |
||
| 700 |
_aCortes Cherta, Manuel (edición) _920617 |
||
| 700 |
_aFurió Muñoz, Juan (versión española) _920618 |
||
| 942 |
_2ddc _cLIBROS |
||
| 945 | _aachl | ||